[Event "St Petersburg Summer op"]
[Site "St Petersburg"]
[Date "2017.08.22"]
[Round "7"]
[White "Lvov, Nikita"]
[Black "Lapin, Nikita"]
[Result "1-0"]
[WhiteElo "1836"]
[BlackElo "1623"]
[PlyCount "93"]
[EventDate "2017.08.16"]
[EventType "swiss"]
[EventRounds "9"]
[EventCountry "RUS"]
[SourceTitle "CBM 180 Extra"]
[Source "ChessBase"]
[SourceDate "2017.10.06"]
[SourceVersion "1"]
[SourceVersionDate "2017.10.06"]
[SourceQuality "1"]

1. d4 Nf6 2. Nf3 g6 3. g3 Bg7 4. c4 d6 5. Bg2 0-0 6. Nc3 Nbd7 7. 0-0 e5 8. e4 exd4 9. Nxd4 Ne5 10. b3 Bd7 11. Bb2 Re8 12. Qd2 Nc6 13. Nxc6 Bxc6 14. f3 Qc8 15. Nd5 Bxd5 16. cxd5 Qd7 17. Rac1 Qb5 18. Bh3 Rad8 19. Rc4 c6 20. dxc6 bxc6 21. Qc2 c5 22. Rd1 Qb6 23. Qf2 Qa6 24. Ra4 Qb6 25. Rc4 Qa6 26. Rc2 Qb6 27. Rcd2 Nh5 28. Bxg7 Nxg7 29. Kg2 Ne6 30. Bxe6 Rxe6 31. Rd5 Qc7 32. Qd2 Qb6 33. Qc3 f6 34. Qc4 Kf7 35. f4 Ke7 36. f5 gxf5 37. exf5 Re3 38. Kf2 Re5 39. Rxe5+ dxe5 40. Rxd8 Kxd8 41. Qg8+ Ke7 42. Qxh7+ Kd6 43. Qf7 c4+ 44. Ke2 c3 45. Qxf6+ Kd5 46. Qxb6 axb6 47. Kd3 1-0

[Event "St Petersburg Summer op"]
[Site "St Petersburg"]
[Date "2017.08.18"]
[Round "3"]
[White "Kirushin, Ivan"]
[Black "Lapin, Nikita"]
[Result "1-0"]
[WhiteElo "1785"]
[BlackElo "1623"]
[PlyCount "73"]
[EventDate "2017.08.16"]
[EventType "swiss"]
[EventRounds "9"]
[EventCountry "RUS"]
[SourceTitle "CBM 180 Extra"]
[Source "ChessBase"]
[SourceDate "2017.10.06"]
[SourceVersion "1"]
[SourceVersionDate "2017.10.06"]
[SourceQuality "1"]

1. e4 c5 2. Nf3 e6 3. d4 cxd4 4. Nxd4 Qb6 5. Be3 Bc5 6. Na3 d5 7. exd5 exd5 8. Bd3 Nc6 9. Nab5 a6 10. Nxc6 Bxe3 11. Ncd4 Bxf2+ 12. Kxf2 axb5 13. Bxb5+ Kf8 14. Re1 Nf6 15. c3 Bg4 16. Qb3 g6 17. h3 Bf5 18. Kg1 Kg7 19. a4 Be4 20. Qd1 Ne8 21. Bxe8 Rhxe8 22. b4 Rac8 23. Qd2 Re5 24. Qf2 Kg8 25. Rf1 Rc7 26. a5 Qa6 27. b5 Qd6 28. b6 Rce7 29. Qf6 Qc5 30. a6 Qxc3 31. axb7 Qxd4+ 32. Kh2 Re8 33. Qxf7+ Kh8 34. Ra8 Qxb6 35. Rxe8+ Rxe8 36. Qxe8+ Kg7 37. Qf8# 1-0

[Event "Chigorin Memorial 24th"]
[Site "St Petersburg"]
[Date "2016.10.20"]
[Round "6"]
[White "Efremov, Vladislav"]
[Black "Lapin, Nikita"]
[Result "1/2-1/2"]
[WhiteElo "1933"]
[BlackElo "1686"]
[PlyCount "88"]
[EventDate "2016.10.15"]
[EventType "swiss"]
[EventRounds "9"]
[EventCountry "RUS"]
[SourceTitle "CBM 175 Extra"]
[Source "ChessBase"]
[SourceDate "2016.12.12"]
[SourceVersion "1"]
[SourceVersionDate "2016.12.12"]
[SourceQuality "1"]

1. d4 Nf6 2. c4 g6 3. Nc3 Bg7 4. e4 d6 5. f3 0-0 6. Be3 Nbd7 7. Nge2 e5 8. Qd2 c6 9. d5 c5 10. g4 Ne8 11. Ng3 Qe7 12. h4 f6 13. Bd3 Kf7 14. h5 Rg8 15. 0-0-0 Rb8 16. Rdg1 a6 17. hxg6+ hxg6 18. g5 Nf8 19. gxf6 Nxf6 20. Bg5 Ke8 21. f4 Bd7 22. a4 Kd8 23. Rf1 Kc8 24. Qf2 Qe8 25. Bxf6 Bxf6 26. f5 Bxa4 27. Nxa4 Qxa4 28. fxg6 Rxg6 29. Nf5 Kc7 30. Rfg1 Qd7 31. Rxg6 Nxg6 32. Bf1 Nf4 33. Qg3 Qf7 34. Nh6 Qg6 35. Qxg6 Nxg6 36. Nf5 Rh8 37. Rxh8 Nxh8 38. Kc2 Ng6 39. Kc3 Be7 40. Kb3 Bf8 41. Be2 Nf4 42. Bf1 Kd8 43. Kc3 Kc7 44. Kb3 Kd8 1/2-1/2

[Event "Chigorin Memorial 24th"]
[Site "St Petersburg"]
[Date "2016.10.16"]
[Round "2"]
[White "Yanko, Ivan"]
[Black "Lapin, Nikita"]
[Result "1-0"]
[WhiteElo "2060"]
[BlackElo "1686"]
[PlyCount "81"]
[EventDate "2016.10.15"]
[EventType "swiss"]
[EventRounds "9"]
[EventCountry "RUS"]
[SourceTitle "CBM 175 Extra"]
[Source "ChessBase"]
[SourceDate "2016.12.12"]
[SourceVersion "1"]
[SourceVersionDate "2016.12.12"]
[SourceQuality "1"]

1. e4 c5 2. Nf3 e6 3. d4 cxd4 4. Nxd4 Qb6 5. Nb3 Qc7 6. Bd3 Nf6 7. Qf3 Bb4+ 8. N1d2 Nc6 9. 0-0 0-0 10. Nc4 b5 11. Ne3 Ne5 12. Qe2 a6 13. a4 Bd6 14. axb5 Nxd3 15. cxd3 Bxh2+ 16. Kh1 Rb8 17. Ng4 Be5 18. d4 Nxg4 19. Qxg4 Rxb5 20. Ra3 Bd6 21. Bh6 g6 22. Rc1 Rh5+ 23. Qxh5 Qxc1+ 24. Nxc1 gxh5 25. Bxf8 Bxf8 26. Rb3 d5 27. Nd3 dxe4 28. Nf4 Bd6 29. Nxh5 Kf8 30. Nf6 Ke7 31. Nxe4 Bf4 32. g3 Bd6 33. Kg2 f5 34. Ng5 Kf6 35. Nxh7+ Kg6 36. Nf8+ Kf7 37. Nh7 Kg6 38. Kh3 f4 39. Rb6 Be7 40. Rc6 Kxh7 41. Rxc8 1-0

[Event "St Petersburg Summer op"]
[Site "St Petersburg"]
[Date "2016.08.22"]
[Round "6"]
[White "Lapin, Nikita"]
[Black "Vunder, Andrei"]
[Result "0-1"]
[WhiteElo "1641"]
[BlackElo "2138"]
[PlyCount "56"]
[EventDate "2016.08.17"]
[EventType "swiss"]
[EventRounds "9"]
[EventCountry "RUS"]
[SourceTitle "CBM 174 Extra"]
[Source "ChessBase"]
[SourceDate "2016.10.10"]
[SourceVersion "1"]
[SourceVersionDate "2016.10.10"]
[SourceQuality "1"]

1. e4 c6 2. d4 d5 3. exd5 cxd5 4. Bd3 Nc6 5. c3 Nf6 6. Bf4 Bg4 7. Qb3 Qd7 8. Nd2 e6 9. Ngf3 Bxf3 10. Nxf3 Bd6 11. Be5 Qc7 12. Bxd6 Qxd6 13. Qxb7 Rb8 14. Qa6 0-0 15. b4 Rb6 16. Qa4 e5 17. dxe5 Nxe5 18. Nxe5 Qxe5+ 19. Kd2 Qf4+ 20. Ke1 Re6+ 21. Kd1 Ng4 22. Kc2 Nxf2 23. Rhe1 Nxd3 24. Rxe6 fxe6 25. Qd7 Qe4 26. Kb3 Qc4+ 27. Ka4 Nc5+ 28. Ka3 Qxc3# 0-1

[Event "St Petersburg Summer op"]
[Site "St Petersburg"]
[Date "2016.08.20"]
[Round "4"]
[White "Lapin, Nikita"]
[Black "Kuznetsov, Felix"]
[Result "0-1"]
[WhiteElo "1641"]
[BlackElo "2150"]
[PlyCount "78"]
[EventDate "2016.08.17"]
[EventType "swiss"]
[EventRounds "9"]
[EventCountry "RUS"]
[SourceTitle "CBM 174 Extra"]
[Source "ChessBase"]
[SourceDate "2016.10.10"]
[SourceVersion "1"]
[SourceVersionDate "2016.10.10"]
[SourceQuality "1"]

1. e4 c5 2. Nf3 Nc6 3. Bb5 d6 4. Bxc6+ bxc6 5. 0-0 e5 6. h3 Be7 7. c3 f5 8. Qa4 Qc7 9. d3 Nf6 10. Nbd2 0-0 11. Re1 h6 12. Nh4 f4 13. Ng6 Rf7 14. Nxe7+ Rxe7 15. b4 cxb4 16. cxb4 a5 17. a3 Ba6 18. bxa5 Kh7 19. Nc4 Bxc4 20. Qxc4 Qxa5 21. Bb2 c5 22. Bc3 Qc7 23. Reb1 Qd7 24. Rb5 f3 25. Bd2 fxg2 26. Kxg2 Nh5 27. Rbb1 Re6 28. Rh1 Rf8 29. Rh2 Qf7 30. Be3 Qf3+ 31. Kf1 Ng3+ 32. Kg1 Rg6 33. Rg2 Ne2+ 34. Kf1 Rxg2 35. Ke1 Rg1+ 36. Kd2 Rxa1 37. Qe6 Nd4 38. Kc3 Nxe6 39. Kc4 Nc7 0-1

[Event "St Petersburg Summer op"]
[Site "St Petersburg"]
[Date "2016.08.18"]
[Round "2"]
[White "Lapin, Nikita"]
[Black "Artamonov, Valery"]
[Result "0-1"]
[WhiteElo "1641"]
[BlackElo "2240"]
[PlyCount "76"]
[EventDate "2016.08.17"]
[EventType "swiss"]
[EventRounds "9"]
[EventCountry "RUS"]
[SourceTitle "CBM 174 Extra"]
[Source "ChessBase"]
[SourceDate "2016.10.10"]
[SourceVersion "1"]
[SourceVersionDate "2016.10.10"]
[SourceQuality "1"]

1. e4 c5 2. Nf3 Nc6 3. Bb5 g6 4. 0-0 Bg7 5. c3 d5 6. exd5 Qxd5 7. h3 a6 8. Bxc6+ Qxc6 9. d4 cxd4 10. Nxd4 Qc7 11. Be3 Nf6 12. Qf3 0-0 13. Nd2 e5 14. N4b3 Bd7 15. Ne4 Nxe4 16. Qxe4 a5 17. Rad1 a4 18. Nc5 Bb5 19. Rfe1 b6 20. Qb4 Bc6 21. Nd3 Qb7 22. Qxb6 Bxg2 23. Qxb7 Bxb7 24. Nc5 Bf3 25. Rd3 Rfb8 26. b4 e4 27. Rd7 Bxc3 28. Rb1 Rxb4 29. Rxb4 Bxb4 30. Rd5 a3 31. Re5 Rd8 32. Nxe4 f5 33. Ng5 Bd5 34. Bb6 Bc3 35. Re3 Rc8 36. Re2 Bb2 37. Re3 f4 38. Re2 Rc1+ 0-1

[Event "Chigorin Memorial 23rd"]
[Site "St Petersburg"]
[Date "2015.10.10"]
[Round "8"]
[White "Lapin, Nikita"]
[Black "Nochovniy, Vladimir Nikolaevic"]
[Result "0-1"]
[WhiteElo "1641"]
[BlackElo "2018"]
[PlyCount "114"]
[EventDate "2015.10.03"]
[EventType "swiss"]
[EventRounds "9"]
[EventCountry "RUS"]
[SourceTitle "CBM 168 Extra"]
[Source "ChessBase"]
[SourceDate "2015.10.29"]
[SourceVersion "1"]
[SourceVersionDate "2015.10.29"]
[SourceQuality "1"]

1. e4 e5 2. Nf3 Nf6 3. Bc4 d5 4. exd5 e4 5. Qe2 Bd6 6. d3 0-0 7. Ng5 Bg4 8. f3 exf3 9. gxf3 Re8 10. Ne4 Nxe4 11. dxe4 Bh5 12. Qg2 Qh4+ 13. Qf2 Rxe4+ 14. Be2 Qxf2+ 15. Kxf2 Bc5+ 16. Kf1 Re5 17. Nc3 Nd7 18. Bf4 Rf5 19. Bxc7 Bxf3 20. Bxf3 Rxf3+ 21. Ke2 Re3+ 22. Kd2 Rae8 23. Rae1 Rxe1 24. Rxe1 Rxe1 25. Kxe1 f5 26. Na4 Bd4 27. c3 Bf6 28. c4 Bd4 29. b4 a6 30. c5 Nf6 31. d6 Kf7 32. Ke2 Ke6 33. Nb6 Be5 34. h3 Nd5 35. Nxd5 Kxd5 36. Bb8 Bf6 37. Bc7 Kc6 38. Kd3 g5 39. a4 g4 40. hxg4 fxg4 41. b5+ axb5 42. axb5+ Kxb5 43. d7 Kxc5 44. d8Q Bxd8 45. Bxd8 b5 46. Ke4 b4 47. Kf4 h5 48. Bf6 b3 49. Bb2 Kc4 50. Ke3 h4 51. Kd2 g3 52. Be5 g2 53. Bh2 b2 54. Kc2 b1Q+ 55. Kxb1 Kd3 56. Kc1 Ke2 57. Kc2 Kf2 0-1

[Event "Chigorin Memorial 23rd"]
[Site "St Petersburg"]
[Date "2015.10.04"]
[Round "2"]
[White "Lapin, Nikita"]
[Black "Vinod, Gopal"]
[Result "0-1"]
[WhiteElo "1641"]
[BlackElo "1990"]
[PlyCount "128"]
[EventDate "2015.10.03"]
[EventType "swiss"]
[EventRounds "9"]
[EventCountry "RUS"]
[SourceTitle "CBM 168 Extra"]
[Source "ChessBase"]
[SourceDate "2015.10.29"]
[SourceVersion "1"]
[SourceVersionDate "2015.10.29"]
[SourceQuality "1"]

1. e4 d5 2. exd5 Qxd5 3. Nc3 Qd6 4. d4 Nf6 5. Nf3 Bg4 6. Be2 g6 7. h3 Bf5 8. Be3 Bg7 9. Qd2 a6 10. Bf4 Qd8 11. Ne5 Ne4 12. Nxe4 Bxe4 13. f3 Bc6 14. 0-0-0 Nd7 15. Nxc6 bxc6 16. Bh6 Bf6 17. g4 e6 18. f4 Rg8 19. Qc3 c5 20. Qa3 Rb8 21. c3 cxd4 22. cxd4 c5 23. Qxa6 Bxd4 24. Bb5 Qb6 25. Bxd7+ Kxd7 26. Qxb6 Rxb6 27. Rh2 Kc6 28. Rd3 Rgb8 29. b3 Kd5 30. Re2 f6 31. Rc2 Ke4 32. Kd2 Ra6 33. Ke2 Rba8 34. Rdd2 Rd6 35. Rc4 Rd5 36. a4 e5 37. fxe5 Rxe5 38. Rd3 Kd5+ 39. Kd1 Rae8 40. Bd2 h5 41. gxh5 Rxh5 42. Bc3 Re4 43. a5 Reh4 44. Bxd4 Rxd4 45. Rcxd4+ cxd4 46. a6 Ke4 47. Rg3 Ra5 48. Rxg6 Rxa6 49. Rg4+ Ke5 50. Kd2 f5 51. Rh4 Rb6 52. Kc2 f4 53. Rh8 f3 54. Rf8 Ke4 55. h4 Ke3 56. Re8+ Kf2 57. Rf8 Ke2 58. Re8+ Kf1 59. Rf8 f2 60. h5 Rh6 61. Rf5 Ke2 62. Re5+ Kf3 63. Rf5+ Ke3 64. Kd1 Rxh5 0-1